000
00277pab a2200121 454500
008
180718b xxu||||| |||| 00| 0 eng d
100
_a
Marwah, Ved
245
_a
Crime and Cops.
650
_a
Police
650
_a
Crime and Criminals
773
_a
Hindustan Times
909
_a
23378
999
_c
23378
_d
23378